Niektoré problémy žien a ženského hnutia v súčasnosti na Slovensku
Výsledky ankety a analýzy, ktoré možno považovať za reprezentatívne prieskumy, týkajúce sa problémov postavenia žien a rodín. Ústredie Demokratickej únie žien Slovenska (DŽÚS) a sieť základných organizácií zaznamenáva a reaguje na všetky zmeny v sociálnej sfére. Anketa odhaľuje niektoré spoločenské...
Enregistré dans:
| Auteur principal: | |
|---|---|
| Format: | Chapitre de livre |
| Langue: | slovaque |
| Sujets: | |
| Tags: |
Pas de tags, Soyez le premier à ajouter un tag!
|
MARC
| LEADER | 00000naa a2200000 4500 | ||
|---|---|---|---|
| 001 | r020541 | ||
| 005 | 20230807093855.7 | ||
| 041 | 0 | |a slo | |
| 044 | |a SK | ||
| 245 | 1 | 0 | |a Niektoré problémy žien a ženského hnutia v súčasnosti na Slovensku |c Viera Ševčíková |
| 520 | |a Výsledky ankety a analýzy, ktoré možno považovať za reprezentatívne prieskumy, týkajúce sa problémov postavenia žien a rodín. Ústredie Demokratickej únie žien Slovenska (DŽÚS) a sieť základných organizácií zaznamenáva a reaguje na všetky zmeny v sociálnej sfére. Anketa odhaľuje niektoré spoločenské problémy rodín a postavenie žien v rodine. Projekty, ktoré realizuje DŽÚS v rámci riešenia problémov spoločnosti a postavenia žien a rodín. | ||
| 610 | 2 | 0 | |a hnutie ženské |
| 610 | 2 | 0 | |a ženy |
| 610 | 2 | 0 | |a rodina |
| 610 | 2 | 0 | |a ankety |
| 610 | 2 | 0 | |a prieskum sociologický |
| 610 | 2 | 0 | |a Demokratická únia žien Slovenska |
| 610 | 2 | 0 | |a projekty |
| 610 | 2 | 0 | |a hnutie spoločenské |
| 610 | 2 | 0 | |a postavenie žien |
| 610 | 2 | 0 | |a žena a rodina |
| 100 | 1 | |a Ševčíková, Viera | |